Famous People by Picture Clue #7 - Statistics

General Stats
  • This quiz has been taken 166 times
  • The average score is 9 of 15
Answer Stats
Picture Answer % Correct
Axl {Rose}
94%
Franz {Liszt}
85%
Alan {Sugar}
83%
{Babe} Ruth
82%
Farrah {Fawcett}
75%
Stirling {Moss}
75%
Dakota {Fanning}
73%
David {Schwimmer}
72%
Orson {Welles}
62%
John {Deere}
59%
Jerry {Springer}
48%
Frankie {Valli}
46%
Charlie {Chaplin}
33%
John Lee {Hooker}
29%
Peter {Sellers}
21%
No matching quizzes found
Score Distribution
Percent of People with Each Score
Percentile by Number Answered
Your Score History
You have not taken this quiz